000 00950nam a2200265 i 4500
001 000026641
003 DO-SdBNP
005 20250513102405.0
007 ta
008 110324s1954 dr ac 000 0 spa d
040 _aDO-SdBNP
_bspa
_cBNPHU
_erda
041 _aspa
082 4 _a304.6097293
_bR426p 1950
_222
110 2 _aOficina Nacional del Censo (República Dominicana)
_bDirección Nacional de Estadística.
_bOficina Nacional del Censo.
_958922
245 1 0 _aPoblación de la República Dominicana censada en 1950.
264 _aCiudad Trujillo, República Dominicana :
_bSección de publicaciones,
_c1954.
300 _a126 páginas ;
_c21 cm.
336 _atexto
_btxt
_2rdaconten
337 _asin mediación
_bn
_2rdamedia
338 _avolumen
_bnc
_2rdacarrier
650 4 _aCensos
_bOrganización
_zRepública Dominicana
_931122
_y1950
650 4 _aPoblación
_94333
910 _aValidado. Control de Calidad /MAA
942 _2ddc
_cLBS1
999 _c26133
_d26133